000 00314nam a22001457a 4500
008 230901b ||||| |||| 00| 0 eng d
020 _a60610
041 _aeng
080 _a159.9
082 _a159.9YAV
100 _a25
101 _aPSI
245 _aFUNDAMENTALS OF PHYSICS
_cYAVORSKY.M.B
942 _2udc
_cBK
999 _c60240
_d60240